Integrated Mass Transit System for Peshawar (Record no. 553965)
[ view plain ]
| 000 -LEADER | |
|---|---|
| fixed length control field | 00382nam a22001337a 4500 |
| 082 ## - DEWEY DECIMAL CLASSIFICATION NUMBER | |
| Classification number | P-743 |
| 100 ## - MAIN ENTRY--PERSONAL NAME | |
| Personal name | Sheikh Muhammad Usman |
| 9 (RLIN) | 36200 |
| 245 ## - TITLE STATEMENT | |
| Title | Integrated Mass Transit System for Peshawar |
| Statement of responsibility, etc. | Sheikh Muhammad Usman |
| 260 ## - PUBLICATION, DISTRIBUTION, ETC. | |
| Place of publication, distribution, etc. | Risalpur, |
| Name of publisher, distributor, etc. | MCE. |
| Date of publication, distribution, etc. | 2017. |
| 300 ## - PHYSICAL DESCRIPTION | |
| Extent | 87p. |
| Other physical details | Nil. |
| 526 ## - STUDY PROGRAM INFORMATION NOTE | |
| Program name | 0 |
| Interest level | 0 |
| Reading level | 0 |
| Title point value | P_743 |
| 700 ## - ADDED ENTRY--PERSONAL NAME | |
| Personal name | Lt Col Muhammad Bilal Khurshid |
| 9 (RLIN) | 51219 |
| 942 ## - ADDED ENTRY ELEMENTS (KOHA) | |
| Source of classification or shelving scheme | |
| Koha item type | Book |
| Withdrawn status | Lost status | Source of classification or shelving scheme | Damaged status | Not for loan | Permanent Location | Current Location | Date acquired | Total Checkouts | Full call number | Barcode | Date last seen | Copy number | Price effective from | Koha item type |
|---|---|---|---|---|---|---|---|---|---|---|---|---|---|---|
| Military College of Engineering (MCE) | Military College of Engineering (MCE) | 09/14/2017 | P-743 | MCE-P-743 | 03/13/2019 | Project | 09/14/2017 | Book |
